| 000 | 01302nab a22002417a 4500 | ||
|---|---|---|---|
| 999 |
_c5604 _d5604 |
||
| 003 | OSt | ||
| 005 | 20251222102123.0 | ||
| 008 | 190429b xxu||||| |||| 00| 0 spa d | ||
| 040 | _cPJ | ||
| 100 |
_96579 _aRuiz Guarneros, Aura Itzel |
||
| 245 | 1 | 0 |
_aNeurocriminología y predicción del delito. Avances metodológicos y consideraciones éticas / _cAura Itzel Ruiz Guarneros. |
| 260 |
_cCiudad Autónoma de Buenos Aires : _aThomson Reuters La Ley, _b2025. |
||
| 300 | _ap. 227-241 | ||
| 500 | _aCita: AR/DOC/1336/2025. | ||
| 505 | _aSumario: I. Introducción.— II. Neurocriminología y predicción del delito: hacia un nuevo paradigma penal.— III. Castigar el futuro: riesgos éticos de la neuropredicción.— IV. Neurointervenciones: ¿prevención o control?— V. Neuroprevención del delito: una nueva frontera en criminología y neurociencia.— VI. Bibliografía. | ||
| 505 | _tSi te interesa el texto completo, solicitalo a koha@justierradelfuego.gov.ar | ||
| 650 | 0 |
_9343 _aDERECHO PENAL |
|
| 650 | 0 |
_94480 _aPREVENCIÓN DEL DELITO |
|
| 650 | 0 |
_93006 _aREINCIDENCIA |
|
| 650 | 0 |
_92486 _aCRIMINOLOGÍA |
|
| 773 | 0 |
_02658 _93164 _tRevista de derecho penal y criminología. Nº 6 - Julio 2025 _dCiudad Autónoma de Buenos Aires : Thomson Reuters La Ley, 2017- _x00347914 |
|
| 942 |
_2udc _cANA |
||